<?xml version="1.0" encoding="UTF-8"?>
<collection xmlns="http://www.loc.gov/MARC21/slim">
  <record>
    <leader>00000nam  2200000   4500</leader>
    <controlfield tag="001">INLIS000000000018976</controlfield>
    <controlfield tag="005">20250121031000</controlfield>
    <datafield tag="035" ind1="#" ind2="#">
      <subfield code="a">0010-0125000120</subfield>
    </datafield>
    <controlfield tag="007">ta</controlfield>
    <controlfield tag="008">250121################g##########0#ind##</controlfield>
    <datafield tag="020" ind1="#" ind2="#">
      <subfield code="a">978-602-401-981-5</subfield>
    </datafield>
    <datafield tag="082" ind1="#" ind2="#">
      <subfield code="a">005.36</subfield>
    </datafield>
    <datafield tag="084" ind1="#" ind2="#">
      <subfield code="a">005.36 RAH a</subfield>
    </datafield>
    <datafield tag="100" ind1=" " ind2="#">
      <subfield code="a">Rahmaniyah Dwi Astuti</subfield>
    </datafield>
    <datafield tag="245" ind1="1" ind2="#">
      <subfield code="a">Analisis dan Perancangan Sistem Kerja /</subfield>
      <subfield code="c">Rahmaniyah Dwi Astuti dan Irwan Iftadi</subfield>
    </datafield>
    <datafield tag="260" ind1="#" ind2="#">
      <subfield code="a">Yogyakarta :</subfield>
      <subfield code="b">Deepublish,</subfield>
      <subfield code="c">2016</subfield>
    </datafield>
    <datafield tag="300" ind1="#" ind2="#">
      <subfield code="a">xiv, 149 hlm. :</subfield>
      <subfield code="b">ilus. ;</subfield>
      <subfield code="c">4.0 MB</subfield>
    </datafield>
    <datafield tag="650" ind1="#" ind2="4">
      <subfield code="a">Sistem Kerja</subfield>
    </datafield>
    <datafield tag="856" ind1="#" ind2="#">
      <subfield code="a">https://web-ipustakalan.moco.co.id/book/e0709b8c-fa33-4df6-8618-07a36143a0fc</subfield>
    </datafield>
    <datafield tag="520" ind1="#" ind2="#">
      <subfield code="a">Telaah metode merupakan suatu kegiatan untuk mendokumentasikan (mencatat atau memotret) aktivitas kerja secara sistematis dan pemeriksaan dengan seksama mengenai cara kerja yang berlaku atau diusulkan untuk melakukan pekerjaan. Tujuan telaah metode adalah untuk mencari, mengembangkan, dan menerapkan metode kerja yang lebih efektif dan efisien. Sehingga nantinya diperoleh waktu waktu penyelesaian pekerjaan menjadi lebih cepat.&#13;
&#13;
Sistem kerja adalah suatu sistem dimana komponen-komponen dalam pekerjaan seperti manusia, mesin, peralatan, dan lingkungan kerja (kebisingan, pencahayaan, temperatur, getaran, dan bau-bauan) akan berinteraksi. &#13;
&#13;
Produktivitas kerja merupakan tingkat keunggulan yang diharapkan dan pengendalian atas tingkat keunggulan untuk memenuhi keinginan konsumen. Berarti produktivitas yang baik dilihat dari persepsi pelanggan bukan dari persepsi perusahaan. Persepsi pelanggan terhadap produktivitas jasa merupakan penilaian total atas kebutuhan suatu produk yang dapat berupa barang ataupun jasa.&#13;
&#13;
Tenaga kerja atau  pegawai  adalah manusia yang merupakan faktor produksi yang dinamis memiliki kemampuan berpikir dan motivasi kerja, apabila pihak manajemen  perusahaan  mampu meningkatkan motivasi pegawai, maka produktivitas kerja akan meningkat.</subfield>
    </datafield>
    <datafield tag="990" ind1="#" ind2="#">
      <subfield code="a">2024/4/A/0031</subfield>
    </datafield>
    <datafield tag="990" ind1="#" ind2="#">
      <subfield code="a">2024/4/A/0032</subfield>
    </datafield>
  </record>
</collection>
